Loading...
| Science - Physics | 0 | 3 | 0 | 2 | 30 | 118 | 132.00 | 1 | 3 |
| Literature - American Literature | 0 | 2 | 0 | 0 | 20 | 135 | 144.50 | 1 | 2 |
| Science - Biology | 0 | 2 | 0 | 1 | 20 | 92 | 107.50 | 0 | 2 |
| Literature - European Literature | 0 | 2 | 0 | 0 | 20 | 148 | 155.00 | 0 | 2 |
| Current Events | 1 | 0 | 0 | 0 | 15 | 30 | 30.00 | 1 | 1 |
| History - World History | 0 | 1 | 0 | 0 | 10 | 94 | 94.00 | 0 | 1 |
| Literature - World Literature | 0 | 1 | 0 | 0 | 10 | 105 | 105.00 | 0 | 1 |
| History - Ancient History | 0 | 1 | 0 | 0 | 10 | 128 | 128.00 | 0 | 1 |
| Geography | 0 | 1 | 0 | 0 | 10 | 142 | 142.00 | 0 | 1 |
| Social Science | 0 | 1 | 0 | 0 | 10 | 128 | 128.00 | 0 | 1 |
| Science - Other Science | 0 | 1 | 1 | 0 | 5 | 135 | 135.00 | 0 | 1 |